Sailing the wine-dark sea : Why the Greeks matter

Cahill explores the legacy of the ancient Greeks, from the origins of Greek culture to the birth of Western literature.

Đã lưu trong:
Sonraí Bibleagrafaíochta
Príomhúdar: Cahill, Thomas
Formáid: Leabhar
Teanga:Undetermined
Foilsithe: New York Random House Audio 2003
Ábhair:
Clibeanna: Cuir Clib Leis
Gan Chlibeanna, Bí ar an gcéad duine leis an taifead seo a chlibeáil!
Thư viện lưu trữ: Trung tâm Học liệu Trường Đại học Cần Thơ
LEADER 00738nam a2200217Ia 4500
001 CTU_187675
008 210402s9999 xx 000 0 und d
082 |a 428.24 
082 |b C132/Cas.3 
100 |a Cahill, Thomas 
245 0 |a Sailing the wine-dark sea : 
245 0 |b Why the Greeks matter 
245 0 |c Thomas Cahill, Olympia Dukakis 
260 |a New York 
260 |b Random House Audio 
260 |c 2003 
520 |a Cahill explores the legacy of the ancient Greeks, from the origins of Greek culture to the birth of Western literature. 
650 |a English language,Ngôn ngữ Anh 
650 |x Study and teaching,Học và dạy 
904 |i Giang 
980 |a Trung tâm Học liệu Trường Đại học Cần Thơ